LEADER 01005nam a2200217 i 4500 001 000000223178 003 CaOOAMICUS 005 20131007000000.0 008 131007s1980 it u000 u ita u 013 $a202075 040 $aSeMil$bita 245 10$aGesù Cristo :$b«Cristo uomo nuovo» /$cRelatore : Mons. Enrico Galbiati. 300 $a33 p. 500 $aLezione del 4 dicembre 1980. - Manca il front. - Stampa delle pagine solo front. 650 4$aGesù Cristo - Meditazioni.$0(OLS)http://semarc/subject/1836 650 4$aGesù Cristo - Umanità.$0(OLS)http://semarc/subject/5486 650 4$aCatechesi [per] adulti - Atti di congressi.$0(OLS)http://semarc/subject/2107 773 0 $aCentro Culturale San Carlo $tCorso di catechesi per adulti 1980-81.$dMilano : [s.n.], 1980-1981.$w()28850 850 $aSeMil 852 $aSeMil$W1$xVenegono$y1$m5B III 28/14$j173524$B173524$CSeMilBibl$Z2$F183885 $81 996 $6245$aGesù Cristo :$b«Cristo uomo nuovo»$9(OLS)http://semarc/title/320061 LEADER 01214nam a2200265 i 4500 001 000000063237 003 CaOOAMICUS 005 20230202101459.0 008 130920s1981 it u000 u ita u 040 $aSeMil$bita 100 1 $aZahrnt, Heinz,$d<1915-2003>.$0(OLS)http://semarc/name/15952 240 10$aStammt Gott vom Menschen ab?.$0(OLS)http://semarc/title/99805 245 13$aLa sfida della moderna critica della religione /$cHeinz Zahrnt ; traduzione dal tedesco di Domenico Venturelli. 260 $aBrescia :$bQueriniana,$c1981. 300 $a49 p. ;$c20 cm. 490 0 $aGiornale di teologia ;$v133 650 4$aReligione e cultura.$0(OLS)http://semarc/subject/6000 650 4$aFilosofia e religione.$0(OLS)http://semarc/subject/9252 700 1 $aVenturelli, Domenico,$d<1947- >.$0(OLS)http://semarc/name/12868 830 0$aGiornale di teologia ;$v133.$0(OLS)http://semarc/title/419620 850 $aSeMil 852 $aSeMil$W1$xVenegono$y1$m2XA G 133$j236882$B29390$CSeMilBibl$Z2$F29393 $81 996 $6245$aLa sfida della moderna critica della religione$9(OLS)http://semarc/title/99804 996 $6260$aBrescia :$bQueriniana$9(OLS)http://semarc/publisher/29615